[Event "GM"]
[Site "Biel SUI"]
[Date "2000.07.27"]
[Round "4"]
[White "Milov,V"]
[Black "Van Wely,L"]
[Result "1/2-1/2"]
[WhiteElo "2626"]
[BlackElo "2643"]

1.d4 Nf6 2.c4 g6 3.Nc3 d5 4.Nf3 Bg7 5.Bg5 Ne4 6.Bf4 Nxc3 7.bxc3 c5 8.e3 O-O
9.cxd5 cxd4 10.cxd4 Qxd5 11.Be2 Qa5+ 12.Qd2 Nc6 13.Qxa5 Nxa5 14.Bc7 Nc6 15.Rb1 b6
16.O-O Bb7 17.Rfc1 Rac8 18.Bg3 Na5 19.Nd2 Rxc1+ 20.Rxc1 Rc8 21.Rxc8+ Bxc8
22.Ne4 Bb7 23.Nc3 Kf8 24.Nb5 a6 25.Nc3 b5 26.Bc7 Nc4 27.Bxc4 bxc4 28.f3 Ke8
29.Kf2 Kd7 30.Ba5 f5 31.Bb6 e5 32.dxe5 Bxe5 33.Bd4 Bd6 34.h3 Ke6 35.Na4 Bc6
36.Nc3 g5 37.Ne2 h5 38.Nc3 h4 39.Ne2 Be7 40.Bc3 Bd7 41.Bd4 Kd6 42.Bb2 Bd8
43.Bd4 Be7 44.Bb2 Kc6 45.Nd4+ Kb6 46.Bc3 a5 47.Ke1 g4 48.hxg4 fxg4 49.fxg4 Bxg4
50.Bxa5+ Kxa5 51.Nc6+ Ka4 52.Nxe7 Ka3 53.Kd2 Kb2 54.Nd5 Bf3 55.gxf3 h3 56.Nc3 h2
57.Nd1+ Kxa2 58.Nf2 Kb2 59.Nd1+ Kb3 60.Nf2 Kb2  1/2-1/2

[Event "GM"]
[Site "Biel SUI"]
[Date "2000.07.31"]
[Round "7"]
[White "Milov,V"]
[Black "Gelfand,B"]
[Result "1/2-1/2"]
[WhiteElo "2626"]
[BlackElo "2681"]

1.d4 d5 2.c4 e6 3.Nf3 Nf6 4.Nc3 dxc4 5.e3 a6 6.a4 c5 7.Bxc4 Nc6 8.O-O Be7
9.Qe2 cxd4 10.Rd1 e5 11.exd4 exd4 12.Nxd4 Nxd4 13.Qe5 Qd6 14.Qxd4 Qxd4 15.Rxd4 Bc5
16.Rd1 O-O 17.Bf4 Bg4 18.Re1 Rfe8 19.h3  1/2-1/2

[Event "GM"]
[Site "Biel SUI"]
[Date "2000.08.04"]
[Round "10"]
[White "Van Wely,L"]
[Black "Milov,V"]
[Result "1/2-1/2"]
[WhiteElo "2643"]
[BlackElo "2626"]

1.d4 Nf6 2.c4 e6 3.Nc3 d5 4.Nf3 Bb4 5.Qa4+ Nc6 6.a3 Bxc3+ 7.bxc3 O-O 8.Bg5 h6
9.Bh4 g5 10.Bg3 Ne4 11.Qc2 h5 12.Ne5 h4 13.Nxc6 bxc6 14.f3 Nd6 15.Bxd6 cxd6
16.e4 Qf6 17.Bd3 dxe4 18.fxe4 c5 19.Qf2 Qxf2+ 20.Kxf2 Ba6 21.dxc5 dxc5 22.e5 Rfd8
23.Ke3 Rd7 24.g3 Rad8 25.Be2 Rd2 26.gxh4 gxh4 27.Rhd1 Rxd1 28.Rxd1 Rxd1 29.Bxd1 Kg7
30.Kf4 f6 31.Be2 Kg6 32.Kg4 fxe5 33.Bd3+ Kf6 34.Kxh4 Bb7 35.Kg3 Bc6 36.Kg4 Ba4
37.Kf3  1/2-1/2

[Event "Lost Boys Open"]
[Site "Amsterdam NED"]
[Date "2000.08.12"]
[Round "2"]
[White "Saravanan,V"]
[Black "Milov,V"]
[Result "0-1"]
[WhiteElo "2412"]
[BlackElo "2626"]

1.e4 c5 2.Nf3 e6 3.d4 cxd4 4.Nxd4 a6 5.Nc3 b5 6.Bd3 Bc5 7.Nb3 Be7 8.O-O d6
9.f4 Nd7 10.Qf3 Bb7 11.Bd2 Ngf6 12.a4 b4 13.Nd1 a5 14.Nf2 O-O 15.g4 e5 16.g5 Ne8
17.Qg3 exf4 18.Bxf4 Ne5 19.Nd4 g6 20.Bxe5 dxe5 21.Nf3 Bc5 22.Qxe5 Qb6 23.Kg2 f6
24.Qg3 Ng7 25.gxf6 Nh5 26.Qe5 Bd6 27.Qb5 Qxb5 28.Bxb5 Rxf6 29.Rad1 Raf8 30.Ng5 Nf4+
31.Kg1 h6 32.Bc4+ Kh8 33.Nf7+ R8xf7 34.Bxf7 Bc5 35.Bd5 Ba6  0-1

[Event "Lost Boys Open"]
[Site "Amsterdam NED"]
[Date "2000.08.13"]
[Round "3"]
[White "Milov,V"]
[Black "Shchekachev,A"]
[Result "1-0"]
[WhiteElo "2626"]
[BlackElo "2503"]

1.d4 Nf6 2.c4 g6 3.Nc3 Bg7 4.e4 d6 5.Be2 O-O 6.Bg5 h6 7.Be3 c5 8.dxc5 Qa5
9.Bd2 Qxc5 10.Nf3 Bg4 11.Be3 Qa5 12.O-O Nc6 13.Nd2 Bxe2 14.Qxe2 Rfc8 15.Rfc1 Nd7
16.Rab1 Kh7 17.f4 Nc5 18.Kh1 Na4 19.Nd1 Nb6 20.a3 Nd7 21.Nc3 a6 22.Nb3 Qd8
23.Rc2 Na5 24.Nd2 Qh8 25.Rbc1 Nc6 26.Nf3 Na5 27.Nd5 Nb3 28.Rd1 Qe8 29.Bf2 e6
30.Nc3 Na5 31.Nd2 d5 32.exd5 exd5 33.Qxe8 Rxe8 34.cxd5 Rac8 35.Kg1 b5 36.Rdc1 f5
37.Na2 Rxc2 38.Rxc2 Nf6 39.Nb4 Ng4 40.h3 Nxf2 41.Kxf2 Bd4+ 42.Kf1 Be3 43.g3 g5
44.fxg5 hxg5 45.Nxa6 f4 46.Nc7 Rd8 47.Kg2 Kg6 48.Nf3 Kf5 49.b4 Nc4 50.Nxb5 Ne5
51.d6 fxg3 52.Nxe5 Kxe5 53.Kxg3 Ke4 54.Rc7 Bf4+ 55.Kg4 Rh8 56.Re7+ Kd5 57.d7  1-0

[Event "Lost Boys Open"]
[Site "Amsterdam NED"]
[Date "2000.08.15"]
[Round "5"]
[White "Milov,V"]
[Black "Van der Sterren,P"]
[Result "1/2-1/2"]
[WhiteElo "2626"]
[BlackElo "2569"]

1.d4 d5 2.c4 c6 3.cxd5 cxd5 4.Nf3 Nc6 5.Nc3 Nf6 6.Bf4 a6 7.Rc1 Bf5 8.e3 Rc8
9.Be2 e6 10.O-O Bd6 11.Bxd6 Qxd6 12.Qb3 Rc7 13.Na4 O-O 14.Nc5 Rb8 15.Qb6 Ne8
16.Kh1 Ne7 17.Qb3 a5 18.Qa4 b6 19.Na6 Rxc1 20.Rxc1 Ra8 21.Ne5 f6 22.Nc6 e5
23.Nxe7+ Qxe7 24.Qb5 Qd6 25.h3 Bd7 26.Qb3 Rc8 27.Rxc8 Bxc8 28.Qc3 Bb7 29.Bb5 exd4
30.Qxd4 Kf8 31.a3 Ke7 32.b4 Bxa6 33.Bxa6 axb4 34.axb4 Nc7 35.Bd3 Ne6 36.Qc3 g6
37.Qa3 d4 38.Bc4 Nc7 39.Kg1 f5 40.Qd3 dxe3 41.Qxe3+ Kf6 42.b5 Ne6 43.h4 Qd1+
44.Kh2 Qd6+ 45.g3 f4 46.Qe4 fxg3+ 47.fxg3 Nd4 48.Qa8 Nf5 49.Qh8+ Ng7 50.Bf1 h5
51.Bg2 Kf7 52.Qa8 Nf5 53.Qd5+ Qxd5 54.Bxd5+  1/2-1/2

[Event "Lost Boys Open"]
[Site "Amsterdam NED"]
[Date "2000.08.16"]
[Round "6"]
[White "Gurevich,M"]
[Black "Milov,V"]
[Result "1-0"]
[WhiteElo "2667"]
[BlackElo "2626"]

1.d4 Nf6 2.c4 e6 3.Nc3 Bb4 4.Qc2 O-O 5.a3 Bxc3+ 6.Qxc3 d6 7.Bg5 Nbd7 8.e3 b6
9.Bd3 Ba6 10.Nf3 c5 11.d5 exd5 12.cxd5 Bb7 13.O-O-O Qe8 14.Qc4 Bxd5 15.Qf4 Be4
16.Qxd6 Bxd3 17.Rxd3 c4 18.Rd4 Rc8 19.e4 h6 20.Bxh6 Nc5 21.Bxg7 Nb3+ 22.Kb1 Nxd4
23.Qxf6 Qxe4+ 24.Ka2 Nxf3 25.Bxf8 Rxf8 26.gxf3 Qg6 27.Qc3 b5 28.Rd1 Qg7 29.Rd4 f5
30.Qd2 Rf7 31.Rd8+ Kh7 32.Qf4 Rf6 33.Qd4 Kg6 34.Kb1 Qe7 35.Rg8+ Kf7 36.Ra8 Rd6
37.Qh8 Qd7 38.Rxa7  1-0

[Event "Lost Boys Open"]
[Site "Amsterdam NED"]
[Date "2000.08.18"]
[Round "8"]
[White "Sokolov,I"]
[Black "Milov,V"]
[Result "1/2-1/2"]
[WhiteElo "2611"]
[BlackElo "2626"]

1.d4 Nf6 2.c4 e6 3.Nf3 d5 4.Nc3 Nbd7 5.cxd5 exd5 6.Qc2 c6 7.Bg5 Bd6 8.e3 Nf8
9.Bd3 Ne6 10.Bh4 g6 11.Ne5 Ng7 12.O-O Be7 13.b4 Nf5 14.Bg5 h6 15.Bxf6 Bxf6
16.Ne2 Qd6 17.Qc3 O-O 18.Bc2 Qe7 19.f4 Nd6 20.Ng3 h5 21.Bb3 Bh4 22.Qc5 Re8
23.Rae1 Bxg3 24.hxg3 Bf5 25.b5 Nxb5 26.Bxd5 cxd5 27.Qxb5 Be4 28.Rc1 Rac8
29.Qd7 Rcd8 30.Qxe7 Rxe7 31.Rc3 f6 32.Nf3 Rd6 33.Rfc1 Rb6 34.Nd2 Bf5 35.Ra3 Rb2
36.Nf3 b6 37.Rcc3 Kf7 38.Kf1 Bb1 39.Rab3 Rc2 40.Rxc2 Bxc2 41.Rc3 Ba4 42.Kf2 Bb5
43.Nd2 Ke6 44.Rc8 Bd7 45.Rc7 Be8 46.Rc8 Kd7 47.Ra8 Kc7 48.Nb1 Kb7 49.Rd8 Kc7
50.Ra8  1/2-1/2

[Event "Najdorf Final KO"]
[Site "Buenos Aires ARG"]
[Date "2000.09.13"]
[Round "3.1"]
[White "Soppe,G"]
[Black "Milov,V"]
[Result "0-1"]
[WhiteElo "2471"]
[BlackElo "2626"]

1.d4 Nf6 2.Nf3 d5 3.c3 e6 4.Bf4 Bd6 5.e3 O-O 6.Nbd2 b6 7.Ne5 Nfd7 8.Bd3 Bxe5
9.dxe5 Ba6 10.Bc2 Nc6 11.Nf3 f6 12.exf6 Nxf6 13.Nd4 Nxd4 14.Qxd4 c5 15.Qe5 Qe8
16.h3 Rc8 17.O-O-O b5 18.Qg5 b4 19.Be5 Bc4 20.Kb1 a5 21.Rd2 Qb5 22.cxb4 Bxa2+
23.Kxa2 axb4 24.b3 c4 25.Kb1 Qa5 26.Bxh7+ Kxh7 27.Ra2 Qb6 28.Bd4 Qc6 29.Ra7 Rc7
30.Rxc7 Qxc7 31.Rc1 Ne4 32.Qh5+ Kg8 33.bxc4 Nd2+ 34.Kb2 Nxc4+ 35.Kb3 Rc8
36.Qg6 Nd2+ 37.Kxb4 Qb7+  0-1

[Event "Najdorf Final KO"]
[Site "Buenos Aires ARG"]
[Date "2000.09.14"]
[Round "3.2"]
[White "Milov,V"]
[Black "Soppe,G"]
[Result "1/2-1/2"]
[WhiteElo "2626"]
[BlackElo "2471"]

1.d4 e6 2.g3 f5 3.Bg2 Nf6 4.Nf3 d5 5.c4 c6 6.O-O Bd6 7.Nc3 O-O 8.Ne5 Nbd7
9.Bf4 Qe7 10.Qb3 Kh8 11.Nd3 Bxf4 12.Nxf4 Nb6 13.cxd5 exd5 14.Nd3 Nc4 15.Qc2 Ne4
16.e3 Be6 17.b3 Ncd6 18.Na4 Rae8 19.Nac5 Bc8 20.Ne5 Rf6 21.Ncd3 Rh6 22.f3 Ng5
23.Rae1 Ne6 24.a4 a6 25.Qd2 Rf6 26.b4 Rff8 27.Nc5 Nxc5 28.bxc5 Nf7 29.Nd3 Qg5
30.Nf4 Qh6 31.e4 fxe4 32.fxe4 dxe4 33.Rxe4 Rd8 34.Qe3 a5 35.Re7 Qg5 36.h4 Qf6
37.Nd3 Qg6 38.Be4 Qh5 39.Nf4 Qg4 40.Qd3 Nh6 41.Re5 Nf5 42.Bxf5 Bxf5 43.Qe3 h6
44.Re7 Bh7 45.h5 Rb8 46.Kg2 Rbd8 47.Rf2 Qd1 48.Qe5 Rg8 49.Ne6 Rd5 50.Qe2 Qb1
51.Rf1 Qe4+ 52.Qxe4 Bxe4+ 53.Kf2 Rxh5 54.Ke3 Bh7 55.Nf4 Rh2 56.Rf2 Rxf2 57.Kxf2 Rb8
58.Ne2 b5 59.cxb6 Rxb6 60.Re8+ Bg8 61.Ra8 Rb2 62.Ke3 Rb3+ 63.Kf2 Rb2 64.Ke3  1/2-1/2

[Event "Najdorf Final KO"]
[Site "Buenos Aires ARG"]
[Date "2000.09.15"]
[Round "4.1"]
[White "Gomez Baillo,J"]
[Black "Milov,V"]
[Result "0-1"]
[WhiteElo "2456"]
[BlackElo "2626"]

1.e4 c5 2.Nc3 e6 3.f4 a6 4.g3 b5 5.Bg2 Bb7 6.Nh3 Nf6 7.Nf2 d6 8.O-O Nc6 9.d3 Be7
10.Ne2 O-O 11.c3 b4 12.g4 d5 13.e5 Ne8 14.d4 a5 15.Be3 bxc3 16.bxc3 cxd4
17.cxd4 Ba6 18.Nd3 Nb4 19.Nxb4 axb4 20.f5 Bc4 21.Rf2 Ra3 22.Bc1 Rd3 23.Qc2 Nc7
24.Rf3 Rxf3 25.Bxf3 Nb5 26.Be3 Qb6 27.Qd2 Ra8 28.Ng3 b3 29.a4 Na3 30.Qb2 Nc2  0-1

[Event "Najdorf Final KO"]
[Site "Buenos Aires ARG"]
[Date "2000.09.16"]
[Round "4.2"]
[White "Milov,V"]
[Black "Gomez Baillo,J"]
[Result "1-0"]
[WhiteElo "2626"]
[BlackElo "2456"]

1.d4 d5 2.c4 c6 3.Nc3 Nf6 4.cxd5 cxd5 5.Nf3 Nc6 6.Bf4 a6 7.Rc1 Bf5 8.e3 Rc8
9.Be2 e6 10.O-O Bd6 11.Bxd6 Qxd6 12.Na4 O-O 13.Nc5 Rc7 14.a3 Bg4 15.b4 Bxf3
16.Bxf3 e5 17.dxe5 Nxe5 18.Be2 a5 19.Qd4 axb4 20.axb4 Nc6 21.Qb2 Rfc8 22.Nd3 d4
23.b5 Nd8 24.Rxc7 Rxc7 25.Qxd4 Qxd4 26.exd4 Ne6 27.Ra1 g6 28.Ra4 b6 29.g3 Rd7
30.Ne5 Rxd4 31.Ra8+ Kg7 32.Ra7 Nd8 33.Bc4 Ne4 34.Nxf7 Nxf7 35.Bxf7 Kf6 36.Bg8 h5
37.Rf7+ Ke5 38.Re7+ Kf5 39.Bb3 Nd2 40.Bc2+ Kf6 41.Rc7 g5 42.Rc6+ Ke5 43.Kg2 g4
44.Rh6 Nf3 45.Rxh5+ Kd6 46.Bf5 Ne1+ 47.Kf1 Nf3 48.Ke2 Ne5 49.h3  1-0

[Event "Super Final"]
[Site "Buenos Aires ARG"]
[Date "2000.09.18"]
[Round "1"]
[White "Pierrot,F"]
[Black "Milov,V"]
[Result "1/2-1/2"]
[WhiteElo "2423"]
[BlackElo "2626"]

1.e4 c5 2.Nf3 e6 3.d4 cxd4 4.Nxd4 a6 5.Bd3 Nf6 6.O-O d6 7.c4 Bd7 8.Nc3 Nc6
9.Nxc6 Bxc6 10.Qe2 Be7 11.Bf4 O-O 12.Rfd1 Nd7 13.Rac1 Ne5 14.Bb1 Qb8 15.Bg3 Bf6
16.f4 Ng6 17.Qd2 Rd8 18.Ne2 h6 19.Bf2 b6 20.b3 Qb7 21.Qe3 b5 22.cxb5 axb5
23.Nd4 Be8 24.Nf3 Rac8 25.Rxc8 Qxc8 26.Rc1 Qb8 27.g3 Rc8 28.Bd3 e5 29.f5 Rxc1+
30.Qxc1 Ne7 31.Qc2 Qb7 32.Nd2 Nc6 33.Bf1 Nd4 34.Qd3 Qa8 35.Bxd4 exd4 36.Qc2 Bg5
37.Bd3 Be3+ 38.Kg2 Bd7 39.Nf3 Qa5 40.Kf1 Kf8 41.Qb2 Qc3 42.Qxc3 dxc3 43.b4 Ke7
44.Ke2 Bb6 45.Kd1 Bc6 46.Kc2 d5 47.Ne5 Be8 48.exd5 Kd6 49.Nf3 Kxd5 50.Kxc3 Bf2
51.Bc2 g5 52.fxg6 fxg6 53.Kd3 g5 54.Bb3+ Kd6 55.g4 Bd7 56.h3 Bc6 57.Ke2 Bb6
58.Bc2 Bxf3+  1/2-1/2

[Event "Super Final"]
[Site "Buenos Aires ARG"]
[Date "2000.09.19"]
[Round "2"]
[White "Milov,V"]
[Black "Polgar,Ju"]
[Result "1/2-1/2"]
[WhiteElo "2626"]
[BlackElo "2656"]

1.d4 Nf6 2.c4 e6 3.Nc3 Bb4 4.e3 O-O 5.Bd3 d5 6.a3 Bxc3+ 7.bxc3 dxc4 8.Bxc4 c5
9.Bd3 Qc7 10.Bb2 b6 11.e4 e5 12.d5 c4 13.Bc2 Nbd7 14.Ne2 Nc5 15.Ng3 b5 16.O-O a5
17.Bc1 Ra6 18.Rb1 Bd7 19.f4 Ng4 20.Nf5 Bxf5 21.exf5 Nf6 22.Rxb5 e4 23.Qd4 Nd3
24.Bxd3 cxd3 25.c4 h5 26.Be3 Qd7 27.h3 h4 28.Rfb1 Re8 29.Rb8 Rxb8 30.Rxb8+ Kh7
31.Qc5 Qxf5 32.Qf8 Kg6 33.Qh8 Nh5 34.Qc8 Rd6 35.Qc7 Rf6 36.Rb6 Kh7 37.Rxf6 Nxf6
38.Qxa5 Qh5 39.Qe1 Ne8 40.Bd2 f5 41.c5 Nf6 42.d6 Qe8 43.Qxh4+ Kg8 44.Qf2 Qa4
45.Bc3 Qc4 46.Bb4 Kf7 47.Kh2 Ke6 48.Qg3 Kf7 49.Qf2 Ke6 50.Qg3  1/2-1/2

[Event "Super Final"]
[Site "Buenos Aires ARG"]
[Date "2000.09.22"]
[Round "5"]
[White "Milov,V"]
[Black "Short,N"]
[Result "1/2-1/2"]
[WhiteElo "2626"]
[BlackElo "2677"]

1.d4 Nf6 2.c4 e6 3.Nc3 Bb4 4.e3 O-O 5.Bd3 d5 6.a3 Bxc3+ 7.bxc3 dxc4 8.Bxc4 c5
9.Bd3 Nc6 10.Nf3 Qc7 11.O-O e5 12.Qc2 Re8 13.dxe5 Nxe5 14.Nxe5 Qxe5 15.f3 Bd7
16.Rb1 Bc6 17.Re1 Rad8 18.Bf1 Rd6 19.c4 Rde6 20.Qf2 Nd7 21.e4 Qh5 22.Bf4 f5
23.exf5 Qxf5 24.Bg3 Ne5 25.Qd2 h5 26.Rb3 g5 27.h3 h4 28.Bf2 b6 29.Rbe3 Qf4
30.Qc3 Kf7 31.Qc2 Qf6 32.a4 a5 33.Rb1 Bd7 34.Qh7+ Qg7 35.Qxg7+ Kxg7 36.Reb3 Bxa4
37.Rxb6 Bc2 38.Rxe6 Rxe6 39.Rb5 Bd3 40.Rxa5 Bxf1 41.Kxf1 Rc6 42.Rxc5 Rxc5
43.Bxc5 Nxc4 44.Ke2 Kf6 45.Kd3 Ne5+ 46.Ke4 Nd7 47.Be3 Kg6 48.Bd4 Nf8 49.Ke5 Nd7+
50.Ke6 Nf8+ 51.Ke7 Nh7 52.Ke6 Nf8+ 53.Ke7 Nh7 54.Bc3 Kf5 55.Kf7 Kf4 56.Be1 Kf5
57.f4 Kxf4 58.Kg7 g4  1/2-1/2

[Event "Super Final"]
[Site "Buenos Aires ARG"]
[Date "2000.09.23"]
[Round "6"]
[White "Karpov,An"]
[Black "Milov,V"]
[Result "1/2-1/2"]
[WhiteElo "2699"]
[BlackElo "2626"]

1.d4 Nf6 2.c4 e6 3.Nf3 d5 4.Nc3 Bb4 5.Bg5 Nbd7 6.cxd5 exd5 7.Qc2 O-O 8.a3 Bxc3+
9.Qxc3 h6 10.Bh4 c6 11.Nd2 Qe8 12.f3 Qe6 13.e3 Nb6 14.Bf2 Nh5 15.g4 Nf4 16.O-O-O Ng6
17.Bd3 Bd7 18.Kb1 Na4 19.Qc2 c5 20.dxc5 Rac8 21.e4 d4 22.Bxd4 Qe7 23.Nb3 b6
24.Ba6 Rc7 25.c6 Rxc6 26.Qd2 Rd6 27.Qb4 Ne5 28.Bb5 Bxb5 29.Qxb5 Nxf3 30.Qxa4 Qxe4+
31.Ka2 Rfd8 32.h3 Qe6 33.Ka1 Qd7 34.Qa6 Nxd4 35.Rxd4 Rxd4 36.Nxd4 Qxd4 37.Qxa7 Re8
38.Rf1 Qc4  1/2-1/2

[Event "Super Final"]
[Site "Buenos Aires ARG"]
[Date "2000.09.26"]
[Round "8"]
[White "Flores,Di"]
[Black "Milov,V"]
[Result "1-0"]
[WhiteElo "2358"]
[BlackElo "2626"]

1.e4 c5 2.Nf3 e6 3.c3 Nf6 4.e5 Nd5 5.Bc4 d6 6.O-O Nc6 7.d4 cxd4 8.cxd4 Be7
9.exd6 Bxd6 10.Nc3 O-O 11.Re1 Nce7 12.Bg5 Nxc3 13.bxc3 Qc7 14.Bb3 b6 15.Qd3 Bb7
16.Bc2 Ng6 17.h4 Rac8 18.Bd2 Qc4 19.Qxc4 Rxc4 20.h5 Nf4 21.Ne5 Bxe5 22.Rxe5 Nd5
23.Bb3 Rc7 24.c4 Nf6 25.h6 g6 26.d5 Nd7 27.Re3 Nc5 28.Bb4 Bc8 29.Rd1 Bd7
30.Bc3 f6 31.dxe6 Bxe6 32.Rxe6 Nxe6 33.c5 Kf7 34.Rd6 Re8 35.c6 g5 36.g4 Rce7
37.Bb4 a5 38.Ba3 b5 39.Bb2 Kg6 40.c7 Kf7 41.Rc6 Rc8 42.Kg2 a4 43.Bd5 b4 44.Kf3 a3
45.Bd4 Rexc7 46.Bxe6+ Ke7 47.Bc5+ Ke8 48.Rxc7 Rxc7 49.Bxb4 Rc1 50.Bb3 Rh1
51.Bxa3 Rxh6 52.Kg2 Rh4 53.Be6 h5 54.f3 hxg4 55.fxg4 Rh7 56.Bb4 Rb7 57.a3 Rb6
58.Bd5 Kd7 59.Kf3 Rb8 60.Ke4 Re8+ 61.Kd4 Re2 62.a4 Rf2 63.a5 Kc7 64.a6 Kb6
65.Bc4 Rf4+ 66.Kd5 Rxg4 67.Bc5+ Kc7 68.a7 Kb7 69.Bb5  1-0

[Event "3rd Int"]
[Site "Torshavn FAI"]
[Date "2000.10.06"]
[Round "1"]
[White "Milov,V"]
[Black "Eriksson,Joh"]
[Result "1-0"]
[WhiteElo "2626"]
[BlackElo "2369"]

1.d4 Nf6 2.c4 g6 3.Nc3 d5 4.Nf3 Bg7 5.Bg5 Ne4 6.Bf4 Nxc3 7.bxc3 c5 8.e3 O-O
9.cxd5 cxd4 10.cxd4 Qxd5 11.Be2 Nc6 12.O-O Rd8 13.Qa4 Bd7 14.Qa3 Rac8 15.Rfc1 e5
16.Bc4 Qa5 17.Bxf7+ Kxf7 18.Ng5+ Ke8 19.Qb3 Ke7 20.Qf7+ Kd6 21.dxe5+ Bxe5
22.Qf6+ Kc7 23.Bxe5+ Kb6 24.Ne4 Bf5 25.Rab1+ Ka6 26.Nc5+ Qxc5 27.Rxc5 Bxb1
28.h4 Bxa2 29.Bd6  1-0

[Event "3rd Int"]
[Site "Torshavn FAI"]
[Date "2000.10.07"]
[Round "2"]
[White "Conquest,S"]
[Black "Milov,V"]
[Result "1-0"]
[WhiteElo "2529"]
[BlackElo "2626"]

1.e4 c5 2.Nf3 e6 3.c4 Nc6 4.Be2 Nf6 5.Nc3 b6 6.h3 Bb7 7.O-O Qb8 8.a3 Be7
9.d4 cxd4 10.Nxd4 O-O 11.Nb3 Rd8 12.f4 d5 13.cxd5 exd5 14.exd5 Bf8 15.f5 Ne5
16.Bg5 Nxd5 17.Bxd8 Ne3 18.Qc1 Nxg2 19.Bg5 Nd3 20.Bxd3 Qg3 21.Ne2 Qxd3 22.Qc7 Bd5
23.Nbd4 Bc5 24.Qe5 Bc6 25.Kh2 Re8 26.Rad1 Qa6 27.Qc7 Ba4 28.b3 h6 29.bxa4 hxg5
30.Qc6 Rxe2 31.Nxe2 Ne3 32.Rd8+ Kh7 33.Re1 Qa5 34.Qf3 g4 35.hxg4  1-0

[Event "3rd Int"]
[Site "Torshavn FAI"]
[Date "2000.10.09"]
[Round "4"]
[White "Rowson,J"]
[Black "Milov,V"]
[Result "0-1"]
[WhiteElo "2494"]
[BlackElo "2626"]


1.e4 c5 2.Nf3 e6 3.d4 cxd4 4.Nxd4 a6 5.Nc3 b5 6.Bd3 Bc5 7.Nb3 Be7 8.Qg4 g6
9.e5 Nc6 10.Bf4 h5 11.Qe2 Qc7 12.O-O g5 13.Bd2 Nxe5 14.f4 Ng4 15.a4 b4 16.Ne4 f5
17.Ng3 Bb7 18.h3 N4f6 19.fxg5 Qxg3 20.gxf6 Bd6 21.Bf4 Bxf4 22.Rxf4 Qxf4 23.Rf1 Qg3  0-1

[Event "3rd Int"]
[Site "Torshavn FAI"]
[Date "2000.10.13"]
[Round "8"]
[White "Grischuk,A"]
[Black "Milov,V"]
[Result "1/2-1/2"]
[WhiteElo "2606"]
[BlackElo "2626"]

1.e4 d6 2.d4 g6 3.Nc3 Bg7 4.f4 a6 5.Nf3 b5 6.Bd3 Bb7 7.O-O Nd7 8.e5 c5 9.Be4 Bxe4
10.Nxe4 cxd4 11.exd6 Qb6 12.Ne5 Ra7 13.Nxd7 Rxd7 14.f5 Nf6 15.Nxf6+ Bxf6
16.dxe7 Rxe7 17.Qf3 g5 18.Kh1 Kf8 19.Bd2 Kg7 20.Rae1 Rxe1 21.Rxe1 h6 22.h4 Qc7
23.c3 dxc3 24.Bxc3 Bxc3 25.bxc3 Qf4 26.Qxf4 gxf4 27.Rd1 h5 28.f6+ Kg6 29.Rd6 Rc8
30.Rxa6 Rxc3 31.Rb6 Rc5 32.Kg1 Kf5 33.Kf2 Kg4 34.Rb7 Rc2+ 35.Kf1 Rc1+  1/2-1/2

[Event "3rd Int"]
[Site "Torshavn FAI"]
[Date "2000.10.14"]
[Round "9"]
[White "Milov,V"]
[Black "Radjabov,T"]
[Result "1/2-1/2"]
[WhiteElo "2626"]
[BlackElo "2476"]

1.d4 e6 2.c4 f5 3.g3 Nf6 4.Bg2 c6 5.Nf3 d5 6.O-O Bd6 7.b3 Qe7 8.Bb2 b6 9.Qc1 Bb7
10.Ba3 Nbd7 11.Bxd6 Qxd6 12.Nc3 O-O 13.Qf4 Qxf4 14.gxf4 Rac8 15.Rac1 Rfd8
16.Rc2 Ba6 17.cxd5 Nxd5 18.Nxd5 cxd5 19.Rfc1 Rxc2 20.Rxc2 Rc8 21.Rxc8+ Bxc8
22.e3 Ba6 23.Bf1 Bxf1 24.Kxf1 h6 25.Nd2 Kf7 26.Nb1 Ke7 27.Nc3 a6 28.Ke2 Kd6
29.f3 Kc6 30.a4 a5 31.Kd3 Nf6 32.Nd1 Kd6 33.Nf2 Nd7 34.Kc3 Nb8 35.e4 Nc6
36.exf5 exf5 37.Nd3 Ke6 38.Ne5 Nb4 39.Kd2 Kd6  1/2-1/2

[Event "34th Olympiad"]
[Site "Istanbul TUR"]
[Date "2000.10.29"]
[Round "2"]
[White "Thorhallsson,T"]
[Black "Milov,V"]
[Result "1/2-1/2"]
[WhiteElo "2454"]
[BlackElo "2626"]

1.e4 c5 2.Nf3 e6 3.c3 d5 4.exd5 exd5 5.d4 Nc6 6.Bb5 Bd6 7.dxc5 Bxc5 8.O-O Ne7
9.h3 O-O 10.Nbd2 Ng6 11.Nb3 Bb6 12.Nbd4 Qd6 13.Re1 Bd7 14.Bf1 Nxd4 15.Nxd4 Bc7
16.g3 Bb6 17.Be3 Qf6 18.Bg2 Ne5 19.Nc2 Nc4 20.Qxd5 Be6 21.Qxb7 Rab8 22.Qe4 Bxe3
23.Nxe3 Rxb2 24.Nd1 Rd2 25.Re2 Rd6 26.Rc1 h6 27.Ne3 Rc8 28.Nxc4 Bxc4 29.Rb2 a6
30.h4 Bb5 31.Qb7  1/2-1/2

[Event "34th Olympiad"]
[Site "Istanbul TUR"]
[Date "2000.10.29"]
[Round "2"]
[White "Thorhallsson,T"]
[Black "Milov,V"]
[Result "1/2-1/2"]
[WhiteElo "2454"]
[BlackElo "2626"]

1.e4 c5 2.Nf3 e6 3.c3 d5 4.exd5 exd5 5.d4 Nc6 6.Bb5 Bd6 7.dxc5 Bxc5 8.O-O Ne7
9.h3 O-O 10.Nbd2 Ng6 11.Nb3 Bb6 12.Nbd4 Qd6 13.Re1 Bd7 14.Bf1 Nxd4 15.Nxd4 Bc7
16.g3 Bb6 17.Be3 Qf6 18.Bg2 Ne5 19.Nc2 Nc4 20.Qxd5 Be6 21.Qxb7 Rab8 22.Qe4 Bxe3
23.Nxe3 Rxb2 24.Nd1 Rd2 25.Re2 Rd6 26.Rc1 h6 27.Ne3 Rc8 28.Nd5 Bxd5 29.Rb2 a6
30.h4 Qxh4 31.gxh4  1/2-1/2

[Event "34th Olympiad"]
[Site "Istanbul TUR"]
[Date "2000.11.07"]
[Round "10"]
[White "Sokolov,I"]
[Black "Milov,V"]
[Result "1/2-1/2"]
[WhiteElo "2611"]
[BlackElo "2626"]

1.d4 Nf6 2.c4 e6 3.Nf3 d5 4.Nc3 Bb4 5.Qa4+ Nc6 6.Ne5 Bd7 7.Nxd7 Qxd7 8.a3 Bxc3+
9.bxc3 Ne4 10.Qc2 O-O 11.e3 Na5 12.Bd3 f5 13.cxd5 exd5 14.a4 c5 15.Ba3 Rf6
16.Bxc5 Nxc5 17.dxc5 Rc8 18.O-O Rxc5 19.Rfd1 Nc6 20.Rab1 Ne7 21.Rb5 Rfc6
22.Rxc5 Rxc5 23.e4 fxe4 24.Bxe4 g6 25.Bf3 Qe6 26.Qd2 b6 27.Re1 Qf6 28.h3 Kg7
29.Re3 Rc4 30.Bg4 Re4 31.Rxe4 dxe4 32.Qd7 a5 33.Qb7 h5 34.Bd1 Qe6 35.Bb3 Qe5
36.Qxb6 Qxc3 37.Qe6 Qc1+ 38.Kh2 Qf4+ 39.Kg1  1/2-1/2

[Event "34th Olympiad"]
[Site "Istanbul TUR"]
[Date "2000.11.09"]
[Round "12"]
[White "Vladimirov,E"]
[Black "Milov,V"]
[Result "1/2-1/2"]
[WhiteElo "2598"]
[BlackElo "2626"]

1.d4 Nf6 2.Nf3 d5 3.Bf4 c6 4.e3 Bf5 5.Be2 e6 6.Nbd2 Bd6 7.O-O Bxf4 8.exf4 O-O
9.c3 Qc7 10.g3 c5 11.dxc5 Qxc5 12.Nb3 Qb6 13.Qd4 Nbd7 14.Rfe1 Rfc8 15.Qxb6 Nxb6
16.Nbd4 Be4 17.a4 Nc4 18.Bxc4 dxc4 19.Ne5 Bd5 20.f3 Rc5 21.Kf2 Rd8 22.Red1 h6
23.Nb5 a6 24.Na3 Rdc8 25.Rd4 R8c7 26.h4 Nd7 27.Nc2 Nb6 28.a5 Nc8 29.Nb4 Ne7
30.h5 Rb5 31.g4 f6 32.Ng6 Kf7 33.f5 Nc6 34.fxe6+ Bxe6 35.Nxc6 Rxb2+ 36.Kg3 bxc6
37.Rd8 Rc8 38.Rad1 Rbb8 39.Rxc8 Rxc8 40.Rb1 f5 41.Rb7+ Kf6 42.Ne7 Re8 43.Nxc6 fxg4
44.Rb6 gxf3 45.Rxa6 Kg5 46.Ra7 Kf6 47.a6 Bd5 48.Nb4 Ba8 49.Nc2 g6 50.hxg6 Kxg6
51.Nd4 Rf8 52.Kf2 Rb8 53.Kg3 Rf8 54.Kf2  1/2-1/2

[Event "34th Olympiad"]
[Site "Istanbul TUR"]
[Date "2000.11.12"]
[Round "14"]
[White "Piket,Je"]
[Black "Milov,V"]
[Result "0-1"]
[WhiteElo "2649"]
[BlackElo "2626"]

1.d4 Nf6 2.c4 g6 3.Nc3 Bg7 4.e4 d6 5.Nf3 O-O 6.Be2 e5 7.O-O Na6 8.Be3 Ng4
9.Bg5 Qe8 10.dxe5 dxe5 11.h3 h6 12.Bd2 Nf6 13.Be3 Qe7 14.Qc1 Kh7 15.c5 b6
16.Bxa6 Bxa6 17.Rd1 Bb7 18.Qc2 Qe6 19.Rd2 Rad8 20.Rad1 Rxd2 21.Rxd2 Re8 22.Bg5 Nh5
23.Nd5 Bxd5 24.Rxd5 c6 25.Rd6 Qxa2 26.cxb6 hxg5 27.b7 Nf4 28.Qxc6 Rf8 29.Qb5 Qb1+
30.Kh2 Kh6 31.h4 g4 32.Nxe5 Bxe5 33.Qxe5 Ne2 34.Rxg6+ fxg6 35.Qg5+ Kg7 36.Qe5+ Rf6  0-1

[Event "Anibal Open"]
[Site "Anibal Open ESP"]
[Date "2001.01.09"]
[Round "2"]
[White "Meijers,V"]
[Black "Milov,V"]
[Result "0-1"]
[WhiteElo "2478"]
[BlackElo "2626"]

1.e4 c5 2.Nf3 Nc6 3.d4 cxd4 4.Nxd4 Qb6 5.Nb3 Nf6 6.Bd3 e6 7.c4 Ne5 8.O-O Qd6
9.Bf4 Qxd3 10.Bxe5 Qxd1 11.Rxd1 Nxe4 12.f3 f6 13.fxe4 fxe5 14.Nc3 b6 15.Nb5 Kd8
16.Nd6 Bxd6 17.Rxd6 Ke7 18.Rad1 Rd8 19.R6d3 Bb7 20.Re1 Rf8 21.Nd2 Rf4 22.Rd1 Bc6
23.h3 Rd8 24.Re1 h6 25.b4 a6 26.Ra3 Ra8 27.b5 axb5 28.Rxa8 Bxa8 29.cxb5 d5
30.a4 Rf8 31.Ra1 Kd6 32.a5 bxa5 33.Rxa5 Bb7 34.Ra7 Kc7 35.Nf3 dxe4 36.Nxe5 Rf5
37.Nc4 Rxb5 38.Kf2 Rb4 39.Ne3 Rb2+ 40.Kg3 Re2 41.Ra3 Kd6 42.h4 Ke5 43.Ng4+ Kd4
44.Ra4+ Kc5 45.Ra5+ Kb4 46.Ra7 Bd5 47.h5 e3 48.Kf4 Rxg2 49.Nxe3 Rg5 50.Ng4 Kc5  0-1

[Event "Anibal Open"]
[Site "Anibal Open ESP"]
[Date "2001.01.11"]
[Round "4"]
[White "Kempinski,R"]
[Black "Milov,V"]
[Result "1-0"]
[WhiteElo "2522"]
[BlackElo "2626"]

1.d4 Nf6 2.c4 e6 3.Nf3 d5 4.Nc3 Bb4 5.Qa4+ Nc6 6.Bd2 O-O 7.e3 dxc4 8.Bxc4 Bd6
9.Nb5 e5 10.Nxd6 Qxd6 11.dxe5 Nxe5 12.Nxe5 Qxe5 13.Bc3 Qg5 14.O-O-O Bf5 15.h4 Qg6
16.f3 c6 17.g4 b5 18.gxf5 Qh6 19.Qa6 bxc4 20.Kb1 Qh5 21.Qxc6 Qxf5+ 22.Ka1 Rac8
23.Qd6 Nh5 24.Rhg1 f6 25.f4 Qe4 26.a3 Rf7 27.Qd2 Re8 28.Bd4 Qe6 29.Qa5 f5
30.Be5 Rd7 31.Qc5 Rxd1+ 32.Rxd1 Qf7 33.Rc1 Nf6 34.Qxc4 Nd5 35.Rg1 g6 36.Qd4 Rc8
37.h5 Rc6 38.hxg6 Rxg6 39.Rc1 Qb7 40.Rd1 Ne7 41.Qc4+  1-0